Diario

Gardado en:
Detalles Bibliográficos
Autor Principal: Papini, Giovanni (autor)
Formato: Libro
Idioma:Lingua castelá
Publicado: Barcelona Mateu 1964
Subjects:
Tags: Engadir etiqueta
Sen Etiquetas, Sexa o primeiro en etiquetar este rexistro!

MARC

LEADER 00000nam a2200000 a 4500
001 UCN9659
003 CL-VaPUC
008 011221e19640000SP |||||||||||||||||spa|d
082 0 4 |a 808.883  |b PAP  |2 21 
100 |a Papini, Giovanni  |e autor   |9 456366 
245 1 0 |a Diario 
300 |a 563 p 
942 |c BK 
945 |d 20011221 00:00:00  |a cmena 
260 |a Barcelona  |b Mateu  |c 1964 
650 7 |a MANUSCRITOS ITALIANOS  |2 CL-VaPUC  |9 466231 
650 0 |a Diarios de vida  |9 466232 
583 |a last modification  |c 20011221 00:00:00  |k Rodrigo Vera 
999 |c 298955  |d 298953 
952 |0 0  |1 0  |2 ddc  |4 0  |6 808_883000000000000_PAP_1964  |7 0  |8 P  |9 355039  |a BIBARQ  |b BIBARQ  |d 2019-11-21  |i 3289516  |o 808.883 PAP 1964  |p 3289516  |r 2025-01-20  |w 2019-11-21  |y BK  |k ARQ